000
00340pab a2200145 454500
008
180718b1987 xxu||||| |||| 00| 0 eng d
100
_a
Ferley, Jonathan
245
_a
The EEC - towards 2000 A.D.
260
_c
1987
300
_a
175-83
362
_a
Apr.
650
_a
European Economic Community
773
_a
Round Table
909
_a
7836
999
_c
7836
_d
7836